| 000 | 00557nam a22001817a 4500 | ||
|---|---|---|---|
| 005 | 20251108170604.0 | ||
| 008 | 250721s2001 xx 000 0 ara d | ||
| 082 | 1 | 4 | _aم/413.12/عما |
| 100 | 1 | _aعمايرة، منصور علي | |
| 245 | 1 | 0 |
_aالمعجم الإصطلاحي : _bمعجم جديد (الفعل و حرف الجر) / |
| 264 | 1 |
_aعمان : _bالمؤلف، _c2001. |
|
| 300 | _a301ص. | ||
| 650 | 1 | 7 | _aاللغة العربية |
| 650 | 1 | 7 | _aالقواميس |
| 650 | 1 | 7 | _aعلم المصطلح |
| 942 |
_2ddc _cREF |
||
| 999 |
_c44189 _d44189 |
||